| 000 | 01603cam a2200361 a 4500 | ||
|---|---|---|---|
| 001 | 13016621 | ||
| 005 | 20060815200559.0 | ||
| 008 | 021202s2003 enk |rb 001 0 eng | ||
| 010 | _a 2002116688 | ||
| 020 | _a9780761954675 | ||
| 040 |
_aDLC _cDLC _dDLC |
||
| 050 | 0 | 0 |
_aHM447 _b.H825 2003 |
| 082 | 0 | 0 |
_a301.01 _222 _bHUG |
| 100 | 1 |
_aHughes, J. A., _d1941- _912427 |
|
| 245 | 1 | 0 |
_aUnderstanding Classical Sociology : _bMarx, Weber, Durkheim / _cJohn A. Hughes, Wes W. Sharrock, Peter J. Martin. |
| 250 | _a2nd ed. | ||
| 260 |
_aLondon ; _aThousand Oaks, Calif. : _bSage Publications, 2003 _cc2003. |
||
| 300 |
_aviii, 246 p. ; _c24 cm. |
||
| 504 | _aIncludes bibliographical references(p.235-239) and index. | ||
| 600 | 1 | 0 |
_aMarx, Karl, _d1818-1883. _912428 |
| 600 | 1 | 0 |
_aWeber, Max, _d1864-1920. _912429 |
| 600 | 1 | 0 |
_aDurkheim, Emile, _d1858-1917. _912430 |
| 650 | 0 |
_aSociology _xHistory. _912431 |
|
| 650 | 0 |
_aSociology _xPhilosophy. _912432 |
|
| 700 | 1 |
_aSharrock, W. W. _q(Wes W.) _912433 |
|
| 700 | 1 |
_aMartin, Peter J., _d1947- _912434 |
|
| 856 | 4 | 2 |
_3Publisher description _uhttp://www.loc.gov/catdir/enhancements/fy0657/2002116688-d.html |
| 856 | 4 | 1 |
_3Table of contents only _uhttp://www.loc.gov/catdir/enhancements/fy0657/2002116688-t.html |
| 942 |
_2ddc _cNB |
||
| 999 |
_c13622 _d13622 |
||